2007 FA Cup Final (Chelsea vs Man United) - Lineups - Statistics

General Stats
  • This quiz has been taken 367 times
  • The average score is 22 of 34
Answer Stats
Position Answer % Correct
CB (C) John Terry
94%
GK Petr Čech
94%
CF (1:0) Didier Drogba
92%
CM Frank Lampard
92%
CF Wayne Rooney
92%
DF (108') Ashley Cole
90%
LW (45') Joe Cole
90%
LM Cristiano Ronaldo
89%
GK Edwin van der Sar
89%
CM Paul Scholes
89%
CB Rio Ferdinand
89%
CB Nemanja Vidić
88%
SS (C) (112') Ryan Giggs
84%
DF Patrice Evra
79%
Coach Sir Alex Ferguson
79%
CM (112') Michael Carrick
77%
Coach Jose Mourinho
76%
CB Michael Essien
67%
DM Claude Makelele
61%
RB Wes Brown
60%
CM John Obi Mikel
53%
DF (112') John O'Shea
51%
MF (45',108') Arjen Robben
50%
FW (93') Salomon Kalou
50%
RB Paulo Ferreira
46%
RM (92') Darren Fletcher
45%
GK Carlo Cudicini
35%
LB Wayne Bridge
33%
LB Gabriel Heinze
30%
GK Tomasz Kuszczak
22%
FW (112') Ole Gunnar Solskjaer
21%
MF (92') Alan Smith
20%
RW (93') Shaun Wright-Phillips
18%
MF Lassana Diarra
9%
No matching quizzes found
Score Distribution
Percent of People with Each Score
Percentile by Number Answered
Your Score History
You have not taken this quiz